000 00402nam a2200169Ia 4500
005 20140405080237.0
008 140130s9999 xx 000 0 und d
050 _aPZ 7
_b.R4829Se 2007
245 _cRiordan, Rick
_aSea of monster, the
260 _bScholastic,
_c2006
300 _a279 p. :
_c22 cm.
440 _v1
_931174
521 _aG5
526 _c740
942 _cBK
_2lcc
999 _c41075
_d41075